[Event "DVM U14 2017"]
[Site "Verden/Aller GER"]
[Date "2017.12.28"]
[Round "3"]
[White "Melitzki, Richard"]
[Black "Röhm, Adrian"]
[Result "1-0"]
[Termination "normal"]
[Board "2.4"]
[WhiteElo "1230"]
[BlackElo "1561"]
[WhiteClock "00:48:00"]
[BlackClock "00:11:59"]
[WhiteTeam "SK König Plauen"]
[BlackTeam "Biebertaler SF"]
[PlyCount "67"]
[WhiteFideId "16223420"]
[BlackFideId "16213505"]
[EventCountry "GER"]
[EventRounds "7"]
[EventType "team-swiss"]
[EventDate "2017.12.26"]

1. e4 {[%clk 1:30:55]} c6 {[%clk 1:30:55]} 2. d4 {[%clk 1:31:12]} d5 {[%clk
1:31:11]} 3. e5 {[%clk 1:31:24]} Bf5 {[%clk 1:31:26]} 4. Nf3 {[%clk 1:31:27]}
e6 {[%clk 1:31:29]} 5. Be3 {[%clk 1:31:15]} Nd7 {[%clk 1:30:10]} 6. Be2 {[%clk
1:31:34]} Ne7 {[%clk 1:26:08]} 7. Nc3 {[%clk 1:31:33]} a6 {[%clk 1:25:38]} 8.
O-O {[%clk 1:28:45]} Qc7 {[%clk 1:25:02]} 9. Nh4 {[%clk 1:24:21]} Bg6 {[%clk
1:25:15]} 10. f4 {[%clk 1:24:35]} h6 {[%clk 1:16:30]} 11. Kh1 {[%clk 1:19:15]}
Bh7 {[%clk 0:54:19]} 12. Qd2 {[%clk 1:08:12]} c5 {[%clk 0:45:38]} 13. Rac1
{[%clk 1:00:22]} Nc6 {[%clk 0:33:48]} 14. Nf3 {[%clk 0:58:42]} Be7 {[%clk
0:25:42]} 15. Na4 {[%clk 0:58:28]} cxd4 {[%clk 0:24:56]} 16. Nxd4 {[%clk
0:58:43]} Nc5 {[%clk 0:24:22]} 17. Nxc5 {[%clk 0:56:50]} Bxc5 {[%clk 0:24:46]}
18. c4 {[%clk 0:55:10]} Qb6 {[%clk 0:18:17]} 19. Rfd1 {[%clk 0:54:34]} Bb4
{[%clk 0:18:25]} 20. Rc3 {[%clk 0:51:46]} Bxc3 {[%clk 0:17:51]} 21. Qxc3 {[%clk
0:51:58]} dxc4 {[%clk 0:16:50]} 22. Nxe6 {[%clk 0:48:21]} Qb4 {[%clk 0:13:31]}
23. Nc7+ {[%clk 0:47:07]} Kf8 {[%clk 0:14:00]} 24. Qxb4+ {[%clk 0:47:08]} Nxb4
{[%clk 0:14:22]} 25. Nxa8 {[%clk 0:47:24]} Ke7 {[%clk 0:13:46]} 26. Bc5+ {[%clk
0:47:27]} Ke6 {[%clk 0:14:01]} 27. Nc7+ {[%clk 0:47:41]} Kf5 {[%clk 0:14:02]}
28. Bxb4 {[%clk 0:47:20]} Kxf4 {[%clk 0:14:01]} 29. Bxc4 {[%clk 0:47:02]} Rc8
{[%clk 0:12:50]} 30. Rd7 {[%clk 0:46:58]} Kxe5 {[%clk 0:12:10]} 31. Bc3+ {[%clk
0:47:13]} Kf4 {[%clk 0:12:13]} 32. Rxf7+ {[%clk 0:47:27]} Ke4 {[%clk 0:12:19]}
33. b3 {[%clk 0:47:43]} Rd8 {[%clk 0:11:59]} 34. h3 {[%clk 0:48:00]} 1-0

[Event "DVM U14 2017"]
[Site "Verden/Aller GER"]
[Date "2017.12.28"]
[Round "3"]
[White "Sulayev, Daniel"]
[Black "Hüls, Maximilian"]
[Result "1-0"]
[Termination "normal"]
[Board "3.1"]
[WhiteElo "2058"]
[BlackElo "1944"]
[WhiteTeam "SV Empor Berlin"]
[BlackTeam "SV Mattnetz Berlin"]
[PlyCount "75"]
[WhiteFideId "12977675"]
[BlackFideId "12949698"]
[EventCountry "GER"]
[EventRounds "7"]
[EventType "team-swiss"]
[EventDate "2017.12.26"]

1. Nf3 d5 2. g3 Nc6 3. c4 d4 4. Bg2 e5 5. d3 Nf6 6. O-O Bd6 7. e3 O-O 8. exd4
exd4 9. Na3 a6 10. Nc2 Bg4 11. h3 Bxf3 12. Bxf3 Qd7 13. Bg2 Nd8 14. b4 c5 15.
a3 Rb8 16. Rb1 b6 17. f4 Re8 18. Qf3 Re7 19. f5 Qa4 20. Rf2 Nd7 21. Kh2 Ne5 22.
Qd1 f6 23. Bf4 Ndf7 24. Be4 Qd7 25. Ne1 Nxc4 26. bxc5 Bxf4 27. Rxf4 Ne3 28. Qb3
b5 29. Ng2 Nxg2 30. Bxg2 Kf8 31. Qb4 Ng5 32. c6 Qd8 33. Rc1 Rc8 34. a4 Ne4 35.
Rxe4 bxa4 36. Rxd4 Qe8 37. Rd7 Kf7 38. Re1 {Aufgabe Schwarz} 1-0

[Event "DVM U14 2017"]
[Site "Verden/Aller GER"]
[Date "2017.12.28"]
[Round "3"]
[White "Bui, Bao Anh Le"]
[Black "Breitzmann, Sander"]
[Result "1/2-1/2"]
[Termination "normal"]
[Board "3.2"]
[WhiteElo "1942"]
[BlackElo "1778"]
[WhiteTeam "SV Mattnetz Berlin"]
[BlackTeam "SV Empor Berlin"]
[PlyCount "111"]
[WhiteFideId "12970719"]
[BlackFideId "12987085"]
[EventCountry "GER"]
[EventRounds "7"]
[EventType "team-swiss"]
[EventDate "2017.12.26"]

1. e4 e5 2. Nf3 Nc6 3. Bc4 Bc5 4. c3 Nf6 5. d3 d6 6. Bb3 a6 7. h3 Ba7 8. Nbd2
O-O 9. Nf1 Ne7 10. Ng3 Ng6 11. O-O h6 12. a4 Nh7 13. Be3 Ng5 14. Nxg5 hxg5 15.
Qh5 Nf4 16. Bxf4 gxf4 17. Nf5 Qf6 18. Nh4 Qh6 19. Qxh6 gxh6 20. Kh2 Be6 21. Bd1
f5 22. exf5 Bxf5 23. Nxf5 Rxf5 24. Bg4 Rg5 25. Rad1 c6 26. d4 e4 27. d5 Rd8 28.
c4 h5 29. Be6+ Kh8 30. g3 Bxf2 31. gxf4 Bg3+ 32. Kh1 Rg7 33. Rd4 e3 34. Re4 Bf2
35. f5 Rf8 36. f6 Rxf6 37. Rxe3 Rgg6 38. Re2 Bd4 39. Rxf6 Rxf6 40. Kg2 cxd5 41.
Bxd5 b6 42. b3 Be5 43. Re3 a5 44. Bc6 Rg6+ 45. Kf1 Rg3 46. Rxg3 Bxg3 47. Kg2 h4
48. Kf3 Kg7 49. Ke4 Kf6 50. Kd5 Ke7 51. Bb5 Bf2 52. Kc6 Bd4 53. Ba6 Ke6 54.
Bc8+ Ke5 55. Bg4 Bc5 56. Kb5 1/2-1/2

[Event "DVM U14 2017"]
[Site "Verden/Aller GER"]
[Date "2017.12.28"]
[Round "3"]
[White "Pysarenko, Kyrill"]
[Black "Schnabel, Luise"]
[Result "1-0"]
[Termination "normal"]
[Board "3.3"]
[WhiteElo "1751"]
[BlackElo "1795"]
[WhiteTeam "SV Empor Berlin"]
[BlackTeam "SV Mattnetz Berlin"]
[PlyCount "87"]
[WhiteFideId "12974250"]
[BlackFideId "12943347"]
[EventCountry "GER"]
[EventRounds "7"]
[EventType "team-swiss"]
[EventDate "2017.12.26"]

1. e4 Nf6 2. Nc3 d5 3. exd5 Nxd5 4. Bc4 e6 5. Nxd5 exd5 6. Bb3 c5 7. d3 Nc6 8.
Qf3 Be6 9. Ne2 Qd7 10. Bf4 a6 11. c3 Be7 12. h3 Rc8 13. Rd1 b5 14. d4 c4 15.
Bc2 b4 16. Ng3 bxc3 17. bxc3 Bf6 18. O-O Ne7 19. Rfe1 Ng6 20. Nh5 O-O 21. Nxf6+
gxf6 22. Bh6 Qe7 23. Bxf8 Rxf8 24. Bxg6 hxg6 25. Qxd5 Qa3 26. Qf3 Bf5 27. Rc1
Qxa2 28. Re2 Qb3 29. Rce1 Bd3 30. Re8 Qxc3 31. Rxf8+ Kxf8 32. Qa8+ Kg7 33. Re3
Qxd4 34. Re8 f5 35. Rg8+ Kh7 36. Qe8 Qf6 37. Rf8 Kg7 38. Rh8 Qa1+ 39. Kh2 Qc1
40. Qe5+ f6 41. Qb8 Qf4+ 42. Qxf4 Kxh8 43. Qh6+ Kg8 44. Qxg6+ {Aufgabe Schwarz}
1-0

[Event "DVM U14 2017"]
[Site "Verden/Aller GER"]
[Date "2017.12.28"]
[Round "3"]
[White "Stockter, Jasper Enno"]
[Black "Beer, Ludwig"]
[Result "0-1"]
[Termination "normal"]
[Board "3.4"]
[WhiteElo "1767"]
[BlackElo "1431"]
[WhiteTeam "SV Mattnetz Berlin"]
[BlackTeam "SV Empor Berlin"]
[PlyCount "78"]
[WhiteFideId "12957291"]
[BlackFideId "16202813"]
[EventCountry "GER"]
[EventRounds "7"]
[EventType "team-swiss"]
[EventDate "2017.12.26"]

1. e4 c5 2. Nf3 d6 3. d4 cxd4 4. Qxd4 Nc6 5. Bb5 Bd7 6. Qd3 g6 7. c4 Bg7 8. Nc3
a6 9. Bxc6 Bxc6 10. O-O Nf6 11. h3 O-O 12. Be3 Rc8 13. Rac1 Qd7 14. Bb6 Nh5 15.
Qe3 f5 16. b3 fxe4 17. Nxe4 Rf4 18. Neg5 h6 19. Ne6 Re4 20. Nc5 dxc5 21. Qxc5
Re6 22. Rcd1 Rd6 23. Rxd6 Qxd6 24. Qe3 Bxf3 25. c5 Qc6 26. gxf3 Rf8 27. Kg2
Nf4+ 28. Kh2 Ne6 29. Re1 Nd4 30. f4 Nf3+ 31. Kg3 Nxe1 32. Qxe1 e5 33. Qe2 exf4+
34. Kh2 f3 35. Qc4+ Kh7 36. Ba5 Be5+ 37. Kg1 Qd7 38. Qh4 Qd1+ 39. Be1 Qxe1# 0-1

[Event "DVM U14 2017"]
[Site "Verden/Aller GER"]
[Date "2017.12.28"]
[Round "3"]
[White "Kotyk, Michael"]
[Black "Jahrke, Jonas"]
[Result "1-0"]
[Termination "normal"]
[Board "4.1"]
[WhiteElo "1916"]
[BlackElo "1747"]
[WhiteTeam "Hamburger SK"]
[BlackTeam "SF Katernberg"]
[PlyCount "120"]
[WhiteFideId "16214501"]
[BlackFideId "12984353"]
[EventCountry "GER"]
[EventRounds "7"]
[EventType "team-swiss"]
[EventDate "2017.12.26"]

1. d4 Nf6 2. c4 g6 3. Nc3 Bg7 4. e4 d6 5. Be2 O-O 6. Bg5 h6 7. Be3 Nbd7 8. h4
e5 9. d5 Nc5 10. f3 Nh5 11. Qd2 Ng3 12. Rh2 Kh7 13. Bf2 Nxe2 14. Ngxe2 f5 15.
b4 Na6 16. a3 c5 17. Rb1 fxe4 18. Nxe4 Bf5 19. N2c3 b6 20. h5 g5 21. Qe2 Qe7
22. g4 Bd7 23. Nd1 Nc7 24. Ne3 Ne8 25. Ng3 Kg8 26. Nef5 Bxf5 27. Nxf5 Rxf5 28.
gxf5 Qd7 29. Qc2 Nf6 30. Bg3 Re8 31. bxc5 dxc5 32. Rb3 e4 33. Re2 Nxh5 34. fxe4
Nxg3 35. Rxg3 Be5 36. Rh3 Qd6 37. Qd3 Rf8 38. Qf3 Kg7 39. Kf1 Rf6 40. Kg2 Bf4
41. e5 Bxe5 42. Qe4 Bf4 43. Qe7+ Qxe7 44. Rxe7+ Kf8 45. Re6 Rxf5 46. Rhxh6 b5
47. Rhf6+ Rxf6 48. Rxf6+ Kg7 49. Rc6 bxc4 50. Rxc5 Kf6 51. Rxc4 Bd6 52. Ra4 Bc5
53. Ra5 Bb6 54. Rb5 Ke5 55. Kf3 g4+ 56. Kxg4 Kd6 57. Kf5 Ke7 58. Ke4 Kd6 59.
Rb3 Bc5 60. Rh3 Bxa3 {Aufgabe Schwarz} 1-0

[Event "DVM U14 2017"]
[Site "Verden/Aller GER"]
[Date "2017.12.28"]
[Round "3"]
[White "Gallas, Noel"]
[Black "Goltser, Ilja"]
[Result "1-0"]
[Termination "normal"]
[Board "4.2"]
[WhiteElo "1696"]
[BlackElo "1698"]
[WhiteTeam "SF Katernberg"]
[BlackTeam "Hamburger SK"]
[PlyCount "116"]
[WhiteFideId "16216059"]
[BlackFideId "14174782"]
[EventCountry "GER"]
[EventRounds "7"]
[EventType "team-swiss"]
[EventDate "2017.12.26"]

1. e4 e6 2. d4 d5 3. exd5 exd5 4. Nf3 Bd6 5. c4 Nf6 6. c5 Be7 7. Be2 b6 8. cxb6
axb6 9. O-O O-O 10. Nc3 Bb7 11. Bf4 Nbd7 12. Rc1 c5 13. a3 Rc8 14. Re1 Ne4 15.
Nxe4 dxe4 16. Ne5 cxd4 17. Qxd4 Nxe5 18. Bxe5 Bc5 19. Qxd8 Rcxd8 20. b4 Bd4 21.
Bxd4 Rxd4 22. Red1 Rdd8 23. Kf1 Bd5 24. g3 g6 25. Ke1 Rfe8 26. Bb5 Re6 27. Bc4
Red6 28. Rxd5 Rxd5 29. Bxd5 Rxd5 30. Rc6 b5 31. Ra6 Kg7 32. Ra5 Rd3 33. Rxb5
Rxa3 34. Rb7 Kf6 35. b5 Ke6 36. b6 Rb3 37. Rb8 f5 38. b7 Kd6 39. Rd8+ Kc7 40.
Rh8 Rxb7 41. Rxh7+ Kc6 42. Rxb7 Kxb7 43. Ke2 Kc6 44. Ke3 g5 45. h4 gxh4 46.
gxh4 Kd5 47. Kf4 Ke6 48. Kg5 Ke5 49. h5 f4 50. h6 e3 51. fxe3 fxe3 52. h7 Ke4
53. h8=Q Kd3 54. Qd8+ Ke2 55. Qd4 Kf3 56. Qf4+ Ke2 57. Kg4 Kd3 58. Kf3 e2 {
Aufgabe Schwarz} 1-0

[Event "DVM U14 2017"]
[Site "Verden/Aller GER"]
[Date "2017.12.28"]
[Round "3"]
[White "Grabbel, Lennart Christian"]
[Black "Otterpohl, Isabel"]
[Result "1-0"]
[Termination "normal"]
[Board "4.3"]
[WhiteElo "1674"]
[BlackElo "1593"]
[WhiteTeam "Hamburger SK"]
[BlackTeam "SF Katernberg"]
[PlyCount "137"]
[WhiteFideId "16201620"]
[BlackFideId "12999180"]
[EventCountry "GER"]
[EventRounds "7"]
[EventType "team-swiss"]
[EventDate "2017.12.26"]

1. d4 Nf6 2. c4 e6 3. Nc3 d5 4. Bg5 Be7 5. e3 O-O 6. Nf3 c5 7. dxc5 Qa5 8. cxd5
exd5 9. Bd3 Qxc5 10. Rc1 Be6 11. O-O Qa5 12. Qc2 h6 13. Bh4 Nc6 14. a3 Rfd8 15.
Rfd1 Rac8 16. Qb1 Qb6 17. Na4 Qa5 18. Bxf6 Bxf6 19. Nc5 Qc7 20. b4 Qe7 21. Bb5
Ne5 22. Nxe5 Bxe5 23. Nxe6 fxe6 24. Qg6 Qf7 25. Qg4 Bb2 26. Rxc8 Rxc8 27. a4
Rc2 28. f3 Ba3 29. Qd4 a6 30. Bf1 Qe7 31. Qd3 Rc1 32. Rxc1 Bxc1 33. Qc3 Bxe3+
34. Qxe3 Qd6 35. b5 axb5 36. axb5 Kf8 37. Qc3 Kf7 38. Bd3 Qb6+ 39. Kf1 d4 40.
Qc2 Qa5 41. g3 Qa1+ 42. Kg2 Qa5 43. Qe2 Kf6 44. Bc4 Qb6 45. f4 g6 46. h4 Ke7
47. h5 gxh5 48. Qxh5 Qc7 49. Qe2 Qd6 50. Qe5 Qb6 51. f5 h5 52. Qxe6+ Qxe6 53.
fxe6 d3 54. Kf2 d2 55. Ke2 b6 56. Kxd2 Kf6 57. Ke3 Ke7 58. Kf4 Kf6 59. Bb3 Ke7
60. Kg5 Kd6 61. Kxh5 Ke7 62. g4 Kf6 63. g5+ Ke7 64. g6 Kf8 65. g7+ Kxg7 66. e7
Kf6 67. e8=Q Kg7 68. Qg6+ Kh8 69. Qh6# 1-0

[Event "DVM U14 2017"]
[Site "Verden/Aller GER"]
[Date "2017.12.28"]
[Round "3"]
[White "Zamhöfer, Luca"]
[Black "Müller, Marvin"]
[Result "1-0"]
[Termination "normal"]
[Board "4.4"]
[WhiteElo "1367"]
[BlackElo "1577"]
[WhiteTeam "SF Katernberg"]
[BlackTeam "Hamburger SK"]
[PlyCount "159"]
[WhiteFideId "16216040"]
[BlackFideId "16214528"]
[EventCountry "GER"]
[EventRounds "7"]
[EventType "team-swiss"]
[EventDate "2017.12.26"]

1. e4 c5 2. c3 d5 3. exd5 Qxd5 4. d4 Nf6 5. Nf3 e6 6. Be2 cxd4 7. cxd4 Bb4+ 8.
Nc3 Bd7 9. O-O Bxc3 10. bxc3 Bb5 11. c4 Bxc4 12. Qa4+ b5 13. Bxc4 Qxc4 14. Qxc4
bxc4 15. Ba3 Kd7 16. Ne5+ Ke8 17. Rab1 Nbd7 18. Nxc4 Nb6 19. Nd6+ Kd7 20. Rfc1
Rhd8 21. Nxf7 Rdc8 22. Ne5+ Ke8 23. Nc6 Nfd5 24. h3 Na4 25. Bb4 Nf4 26. Rc2 Nd3
27. Ba3 Nf4 28. Rb7 Nd5 29. Rxg7 Nac3 30. Ne5 Kd8 31. Rd7+ Ke8 32. Rxh7 Kd8 33.
Nf7+ Kc7 34. Nd6+ Kb6 35. Nxc8+ Rxc8 36. Bc5+ Kb5 37. Rb7+ Kc4 38. Rd2 e5 39.
Bxa7 e4 40. Rc2 e3 41. fxe3 Nxe3 42. Rxc3+ Kxc3 43. Rb3+ Kd2 44. Bb6 Rf8 45.
Rb2+ Kc3 46. Rf2 Rb8 47. Rf3 Kd3 48. Kf2 Rxb6 49. Rxe3+ Kxd4 50. h4 Rf6+ 51.
Rf3 Ra6 52. a4 Ke5 53. Ra3 Rf6+ 54. Kg3 Rg6+ 55. Kh3 Kf5 56. a5 Ra6 57. Ra4 Kg6
58. g4 Kh6 59. Kg3 Kg6 60. Kf4 Kf6 61. h5 Kg7 62. g5 Kh7 63. Ke5 Kg7 64. Kd5
Kf7 65. Kc5 Ke6 66. Re4+ Kf5 67. Kb5 Ra8 68. Rc4 Kxg5 69. Rc5+ Kh6 70. a6 Kg7
71. Rc6 Kf7 72. Rc7+ Ke6 73. Kb6 Rb8+ 74. Rb7 Rd8 75. a7 Rd6+ 76. Ka5 Rd5+ 77.
Rb5 Rd8 78. Ka6 Ke7 79. Rb8 Rd6+ 80. Kb5 {Aufgabe Schwarz} 1-0

[Event "DVM U14 2017"]
[Site "Verden/Aller GER"]
[Date "2017.12.28"]
[Round "3"]
[White "Stirnberg, Noah"]
[Black "Huber, Benedikt"]
[Result "0-1"]
[Termination "normal"]
[Board "5.1"]
[WhiteElo "1836"]
[BlackElo "2015"]
[WhiteTeam "SK Blauer Springer Paderborn"]
[BlackTeam "SK München Südost"]
[PlyCount "56"]
[WhiteFideId "16207742"]
[BlackFideId "12923583"]
[EventCountry "GER"]
[EventRounds "7"]
[EventType "team-swiss"]
[EventDate "2017.12.26"]

1. e4 c5 2. Nf3 e6 3. d4 cxd4 4. Nxd4 Nc6 5. Nc3 Qc7 6. Be3 a6 7. Bd3 Nf6 8.
O-O b5 9. f4 Bc5 10. Nce2 Ng4 11. Qd2 d6 12. c3 Nxe3 13. Qxe3 e5 14. Rac1 Qa7
15. Rfd1 exd4 16. cxd4 Nxd4 17. Nxd4 Bxd4 18. Bxb5+ axb5 19. Qxd4 Ke7 20. Qxa7+
Rxa7 21. Rc6 Rxa2 22. Rc7+ Bd7 23. e5 Ra6 24. f5 Rd8 25. e6 fxe6 26. fxe6 Kxe6
27. Re1+ Kf6 28. Rf1+ Kg6 0-1

[Event "DVM U14 2017"]
[Site "Verden/Aller GER"]
[Date "2017.12.28"]
[Round "3"]
[White "Lohvinov, Petro"]
[Black "Brockhoff, Moritz"]
[Result "1-0"]
[Termination "normal"]
[Board "5.2"]
[WhiteElo "1854"]
[BlackElo "1765"]
[WhiteTeam "SK München Südost"]
[BlackTeam "SK Blauer Springer Paderborn"]
[PlyCount "119"]
[WhiteFideId "14176661"]
[BlackFideId "16214927"]
[EventCountry "GER"]
[EventRounds "7"]
[EventType "team-swiss"]
[EventDate "2017.12.26"]

1. e4 e6 2. d4 d5 3. Nd2 Nf6 4. e5 Nfd7 5. Bd3 c5 6. c3 Nc6 7. Ne2 cxd4 8. cxd4
Qb6 9. Nf3 Bb4+ 10. Bd2 f6 11. exf6 Nxf6 12. O-O O-O 13. Bxb4 Nxb4 14. Bb1 Bd7
15. Nc3 Qd6 16. Ne5 Nc6 17. Re1 Qb4 18. Qd3 Nxe5 19. dxe5 Ne4 20. Rxe4 dxe4 21.
Qxe4 Qxe4 22. Bxe4 Kf7 23. Rd1 Rfd8 24. Bxb7 Rab8 25. Ne4 Ke7 26. Nd6 Ba4 27.
Rc1 Bc2 28. f4 Rxd6 29. exd6+ Kxd6 30. Rxc2 Rxb7 31. Kf2 Rb4 32. g3 Kd5 33. Ke3
Ra4 34. a3 Re4+ 35. Kf3 Rc4 36. Rd2+ Kc6 37. Rd8 Kb6 38. Rd6+ Kb5 39. Rxe6 Rc2
40. Re2 Rc7 41. Re4 Rc2 42. Rb4+ Kc5 43. Rb7 Rxh2 44. b4+ Kc6 45. Rxa7 g6 46.
a4 Kb6 47. Re7 Rh1 48. Re6+ Kb7 49. a5 Rb1 50. b5 Rxb5 51. Rb6+ Rxb6 52. axb6
Kxb6 53. Ke4 Kc6 54. Ke5 Kd7 55. Kf6 Ke8 56. Kg7 Ke7 57. Kxh7 Kf6 58. g4 g5 59.
f5 Kf7 60. Kh6 {Aufgabe Schwarz} 1-0

[Event "DVM U14 2017"]
[Site "Verden/Aller GER"]
[Date "2017.12.28"]
[Round "3"]
[White "Janke, Julian"]
[Black "Costa, Leonardo"]
[Result "0-1"]
[Termination "normal"]
[Board "5.3"]
[WhiteElo "1587"]
[BlackElo "1851"]
[WhiteTeam "SK Blauer Springer Paderborn"]
[BlackTeam "SK München Südost"]
[PlyCount "70"]
[WhiteFideId "16229185"]
[BlackFideId "16213955"]
[EventCountry "GER"]
[EventRounds "7"]
[EventType "team-swiss"]
[EventDate "2017.12.26"]

1. d4 Nf6 2. Bf4 g6 3. e3 Bg7 4. Nf3 O-O 5. Be2 d6 6. h3 c5 7. c3 Nbd7 8. O-O
Re8 9. Nbd2 e5 10. dxe5 dxe5 11. Bh2 e4 12. Ne1 b6 13. Bb5 Bb7 14. Nc4 Bf8 15.
Nd6 Bxd6 16. Bxd6 a6 17. Be2 Ne5 18. f4 exf3 19. Nxf3 Nxf3+ 20. Bxf3 Bxf3 21.
Qxf3 Qxd6 22. Qxf6 Qxf6 23. Rxf6 Rxe3 24. Rxb6 Rd8 25. Kf2 Re5 26. g3 Rd2+ 27.
Kf3 Kg7 28. Rxa6 f6 29. Ra7+ Kh6 30. Rb7 g5 31. a4 Kg6 32. a5 Rde2 33. h4 R5e3+
34. Kg4 f5+ 35. Kh3 g4# 0-1

[Event "DVM U14 2017"]
[Site "Verden/Aller GER"]
[Date "2017.12.28"]
[Round "3"]
[White "Klonov, Jakov"]
[Black "Matthiessen, Linus"]
[Result "1-0"]
[Termination "normal"]
[Board "5.4"]
[WhiteElo "1262"]
[BlackElo "1293"]
[WhiteTeam "SK München Südost"]
[BlackTeam "SK Blauer Springer Paderborn"]
[PlyCount "95"]
[WhiteFideId "16211928"]
[BlackFideId "16222555"]
[EventCountry "GER"]
[EventRounds "7"]
[EventType "team-swiss"]
[EventDate "2017.12.26"]

1. e4 e6 2. d4 d5 3. Nd2 Bd7 4. Bd3 c5 5. c3 Qb6 6. Ngf3 Nc6 7. dxc5 Bxc5 8.
O-O Nf6 9. exd5 Nxd5 10. Nb3 Bd6 11. Re1 O-O 12. Qc2 g6 13. Bh6 Rfc8 14. Qd2
Qc7 15. Qg5 Bf4 16. Qh4 Bxh6 17. Qxh6 f5 18. Ng5 Nf6 19. Nc5 Nd8 20. Ncxe6 Nxe6
21. Nxe6 Bxe6 22. Rxe6 Ng4 23. Qh4 Qd7 24. Re7 Qxe7 25. Qxe7 Re8 26. Bc4+ Kh8
27. Qxb7 Rab8 28. Qd7 Ne5 29. Qd4 Rbd8 30. Bd5 f4 31. c4 f3 32. g3 Rd7 33. Re1
Rde7 34. Bc6 Rb8 35. Rxe5 Rg7 36. Re8+ Rxe8 37. Bxe8 Kg8 38. Qd5+ Kf8 39. Ba4
Rf7 40. c5 Rf5 41. Qd6+ Kg7 42. c6 Rf6 43. Qd4 Kf7 44. Bb3+ Ke7 45. c7 Rd6 46.
Qg7+ Ke8 47. c8=Q+ Rd8 48. Qf7# 1-0

[Event "DVM U14 2017"]
[Site "Verden/Aller GER"]
[Date "2017.12.28"]
[Round "3"]
[White "Triantafillidis, Simeon"]
[Black "Kracht, Raphael"]
[Result "0-1"]
[Termination "normal"]
[Board "6.1"]
[WhiteElo "1808"]
[BlackElo "1846"]
[WhiteTeam "SF HN-Biberach"]
[BlackTeam "SF Brackel"]
[PlyCount "36"]
[WhiteFideId "12953113"]
[BlackFideId "16214382"]
[EventCountry "GER"]
[EventRounds "7"]
[EventType "team-swiss"]
[EventDate "2017.12.26"]

1. e4 e5 2. Nf3 Nc6 3. Bc4 Nf6 4. Ng5 Bc5 5. Bxf7+ Ke7 6. Bb3 Rf8 7. O-O d6 8.
d3 Bg4 9. Nf3 Qe8 10. c3 Qg6 11. h3 Bxh3 12. Nh4 Qg3 13. Nf5+ Bxf5 14. exf5 Ng4
15. Bg5+ Rf6 16. Bxf6+ gxf6 17. Re1 Qxf2+ 18. Kh1 Qh4# 0-1

[Event "DVM U14 2017"]
[Site "Verden/Aller GER"]
[Date "2017.12.28"]
[Round "3"]
[White "Skabs, Denis"]
[Black "Geltz, Noah"]
[Result "1/2-1/2"]
[Termination "normal"]
[Board "6.2"]
[WhiteElo "1717"]
[BlackElo "1719"]
[WhiteTeam "SF Brackel"]
[BlackTeam "SF HN-Biberach"]
[PlyCount "166"]
[WhiteFideId "16248449"]
[BlackFideId "16224256"]
[EventCountry "GER"]
[EventRounds "7"]
[EventType "team-swiss"]
[EventDate "2017.12.26"]

1. e4 c6 2. Nc3 d5 3. Nf3 e6 4. d4 Bb4 5. e5 Ne7 6. Bg5 Nd7 7. a3 Bxc3+ 8. bxc3
h6 9. Bh4 Qa5 10. Qd2 Nf5 11. Bg3 Nb6 12. Bd3 Na4 13. c4 Qxd2+ 14. Kxd2 Nxg3
15. hxg3 Nb2 16. c5 Nxd3 17. cxd3 Kd7 18. g4 b5 19. g5 h5 20. g4 g6 21. gxh5
gxh5 22. Ne1 Bb7 23. Ng2 Rag8 24. f4 a5 25. Rab1 Ba6 26. Ne3 Ke7 27. Rh4 Rb8
28. Nc2 Kf8 29. Kc3 Kg7 30. Rbh1 Kg6 31. R1h2 Rb7 32. Rh1 Rbb8 33. Rg1 Rb7 34.
Rgh1 Ra7 35. Rg1 Bc8 36. Rb1 Bd7 37. Rbh1 Rb7 38. Rb1 Ra7 39. Rbh1 Rb7 40. Rg1
Bc8 41. Rb1 Rb8 42. Rf1 Ba6 43. Rh3 Rhe8 44. Rhf3 Bc8 45. Rb1 Ba6 46. Ne1 b4+
47. axb4 Rxb4 48. Rxb4 axb4+ 49. Kxb4 Kf5 50. Ka5 Ra8 51. Kb6 Bb5 52. Kc7 Kg4
53. f5 exf5 54. g6 fxg6 55. e6 Ra7+ 56. Kd6 h4 57. e7 Ra8 58. Re3 h3 59. e8=Q
Rxe8 60. Rxe8 h2 61. Rh8 Kg3 62. Ke5 f4 63. Kf6 Kf2 64. Kg5 Kxe1 65. Kxf4 Bxd3
66. Rxh2 Be2 67. Ke5 Kf1 68. Kd6 Bb5 69. Rh6 Ke2 70. Rxg6 Kd3 71. Rg4 Kc4 72.
Ke5 Kc3 73. Rg1 Kb4 74. Rb1+ Kc4 75. Kd6 Ba4 76. Kc7 Kxd4 77. Rb4+ Kxc5 78.
Rxa4 d4 79. Ra6 d3 80. Rxc6+ Kd4 81. Kb6 d2 82. Rd6+ Kc3 83. Kc5 Kc2 1/2-1/2

[Event "DVM U14 2017"]
[Site "Verden/Aller GER"]
[Date "2017.12.28"]
[Round "3"]
[White "Späth, René"]
[Black "Schneider, Daniel"]
[Result "1-0"]
[Termination "normal"]
[Board "6.3"]
[WhiteElo "1599"]
[BlackElo "1545"]
[WhiteTeam "SF HN-Biberach"]
[BlackTeam "SF Brackel"]
[PlyCount "129"]
[WhiteFideId "16224272"]
[BlackFideId "16248465"]
[EventCountry "GER"]
[EventRounds "7"]
[EventType "team-swiss"]
[EventDate "2017.12.26"]

1. e4 e5 2. Nf3 Nc6 3. Bc4 Nf6 4. d3 Qe7 5. Ng5 h6 6. Nxf7 Rh7 7. Nc3 Na5 8.
Nd5 Nxd5 9. Bxd5 g6 10. Qg4 Rxf7 11. Qxg6 c6 12. Bxf7+ Qxf7 13. Qxf7+ Kxf7 14.
Bd2 b6 15. Bc3 d6 16. O-O Be6 17. f4 exf4 18. Rxf4+ Ke7 19. Raf1 Nb7 20. d4 Bg7
21. e5 a5 22. b3 Rf8 23. Rxf8 Bxf8 24. Bb2 Bg7 25. c4 Nd8 26. d5 Bf7 27. exd6+
Kf8 28. Bxg7+ Kxg7 29. dxc6 Nxc6 30. d7 Kf8 31. Rf6 Nd8 32. Rxh6 Ke7 33. Rxb6
Kxd7 34. Rb5 Nc6 35. Rb7+ Ke6 36. Kf2 Bg6 37. Ke3 Bb1 38. a3 Ke5 39. Rb6 Nd4
40. Kd2 Be4 41. g3 Bc2 42. b4 a4 43. c5 Be4 44. Rb8 Nc2 45. Re8+ Kd5 46. Rxe4
Nxa3 47. Kd3 Nb5 48. Re1 a3 49. h4 a2 50. h5 Na3 51. h6 Nb1 52. Re5+ Kc6 53.
Re6+ Kb7 54. Re7+ Kb8 55. Re8+ Ka7 56. Re7+ Kb8 57. h7 a1=Q 58. Re8+ Kc7 59.
h8=Q Qa6+ 60. Ke4 Nd2+ 61. Ke3 Nc4+ 62. Kd4 Qa1+ 63. Kxc4 Qa2+ 64. Kb5 Qf7 65.
Qe5+ {Aufgabe Schwarz} 1-0

[Event "DVM U14 2017"]
[Site "Verden/Aller GER"]
[Date "2017.12.28"]
[Round "3"]
[White "Stych, Paul"]
[Black "Gerold, Robin"]
[Result "0-1"]
[Termination "normal"]
[Board "6.4"]
[WhiteElo "1310"]
[BlackElo "1319"]
[WhiteTeam "SF Brackel"]
[BlackTeam "SF HN-Biberach"]
[PlyCount "80"]
[WhiteFideId "16255615"]
[BlackFideId "16235185"]
[EventCountry "GER"]
[EventRounds "7"]
[EventType "team-swiss"]
[EventDate "2017.12.26"]

1. e4 c6 2. Nc3 d5 3. Nf3 dxe4 4. Nxe4 Bf5 5. Ng3 Bg6 6. h4 h6 7. Ne5 Bh7 8.
Qh5 g6 9. Bc4 e6 10. Qe2 Qe7 11. d4 Bg7 12. Bf4 Nf6 13. O-O-O Nbd7 14. Rhe1 Nb6
15. Ne4 Nxe4 16. Qxe4 g5 17. Qe2 Nxc4 18. Bh2 Nxe5 19. Bxe5 Bxe5 20. Qxe5 O-O-O
21. c4 Qb4 22. Qe2 Rd7 23. Rd2 Rhd8 24. Red1 a5 25. a3 Qb3 26. hxg5 Qa2 27. Rd3
Bxd3 28. Rxd3 Qa1+ 29. Kc2 hxg5 30. Rd1 Qa2 31. Qe5 Qxc4+ 32. Kb1 a4 33. Qa5
Qb5 34. Qc3 c5 35. Qg3 Rxd4 36. Rxd4 Rxd4 37. Qxg5 Qd3+ 38. Kc1 Qc4+ 39. Kb1
Rd1+ 40. Qc1 Rxc1# 0-1